Zamestnancui potrebujú spätnú väzbu

Význam pravidelného hodnotenia výkonnosti. Kontext systému hodnotenia. Hodnotenie by malo byť obojsmerné. Čo získava hodnotením zamestnanec. Efektívne hodnotenie. Spätná väzba pomáha firme zarábať.

Guardado en:
Detalles Bibliográficos
Autor principal: Jarošová, Jana
Formato: Capítulo de libro
Lenguaje:eslovaco
Materias:
Etiquetas: Agregar Etiqueta
Sin Etiquetas, Sea el primero en etiquetar este registro!

MARC

LEADER 00000naa a2200000 4500
001 0196238
005 20231120134913.9
041 0 |a slo 
044 |a SK 
245 1 0 |a Zamestnancui potrebujú spätnú väzbu  |c Jana Jarošová 
520 |a Význam pravidelného hodnotenia výkonnosti. Kontext systému hodnotenia. Hodnotenie by malo byť obojsmerné. Čo získava hodnotením zamestnanec. Efektívne hodnotenie. Spätná väzba pomáha firme zarábať. 
610 2 0 |a hodnotenie pracovné 
610 2 0 |a hodnotenie pracovníkov 
610 2 0 |a väzba spätná 
610 2 0 |a efektívnosť 
610 2 0 |a kritika 
100 1 |a Jarošová, Jana